La Serie A - Statistiques

Statistiques générales
  • Ce quiz a été pris 29 fois
  • Le résultat moyen est 14 sur 20
Statistiques - réponses
Question Réponse % Correct
Quel club est basé à Florence ? Fiorentina
96%
Quel club a remporté le plus de titres de Serie A ? Juventus
93%
Le derby de Rome oppose la Roma à quel autre club ? Lazio
93%
Quel club est surnommé les "Rossoneri" ? AC Milan
89%
Quel joueur portugais a joué à la Juventus entre 2018 et 2021 ? Cristiano Ronaldo
89%
Quel gardien légendaire a passé l'essentiel de sa carrière à la Juventus ? Gianluigi Buffon
89%
Qui a été l'entraîneur de l'Inter Milan lors du triplé en 2010 ? José Mourinho
89%
Quel attaquant suédois a joué à l'Inter, à la Juve et à Milan ? Zlatan Ibrahimović
89%
Quel club a été relégué en Serie B pour des matchs truqués en 2006 ? Juventus
81%
Combien de clubs de Turin ont joué en Serie A récemment ? 2
78%
Quel joueur est surnommé "Il Capitano" à la Roma ? Francesco Totti
78%
Combien d'équipes sont reléguées chaque saison de Serie A ? 3
70%
Quel joueur a remporté le Soulier d'Or européen en jouant en Serie A avec la Lazio ? Ciro Immobile
67%
Quel club est surnommé "La Dea" ? Atalanta
56%
Quel club joue ses matchs à domicile au stade San Paolo (rebaptisé) Napoli
56%
Quel club est célèbre pour son style de jeu "catenaccio" dans les années 60 ? Inter Milan
44%
Quel club de Serie A a une chouette sur son logo ? Lazio
37%
Quel club a gagné la Seria A en 2010/2011 ? AC Milan
33%
En quelle année la Serie A a-t-elle été fondée sous son format actuel ? 1929
26%
Quel joueur détient le record de buts inscrits en Serie A ? Silvio Piola
26%
Aucun quiz correspondant
Distribution des résultats
% des personnes avec chaque résultat
Percentile par nombre de réponses
Votre historique - résultats
Vous n’avez pas pris ce quiz